Представление документа в формате RUSMARC

ПолеНазваниеЗначение
  Тип записи c
  Библиографический уровень m
001 Контрольный номер RU/УОНБ/EK_N/538409571
005 Дата корректировки 20260212102916.9
010 Индекс ISBN __
9 Тираж 1700 экз.
013 Номер (ISMN) __
d Цена 30 к.
071 Издательские номер (звукозапись и ноты) 21
a Номер, присвоенный агентством 7913
100 Данные общей обработки __
a Данные общей обработки 20170122d1973 u y0rusy0189 ca
101 Язык документа 0_
a Язык текста rus
f Язык титульного листа rus
102 Страна публикации __
a Страна публикации RU
125 Кодированные данные звукозаписи и нотных изданий __
a Форма изложения нотного текста с
128 Кодированные данные (звукозаписи-физические характеристики) __
a Кодированные данные: Музыкальная форма и тональность или лад fso
c Инструменты или голоса, рекомендуемые для солистов (устаревшее) vu
200 Заглавие и сведения об ответственности 1_
a Заглавие Французские народные песни
e Сведения, относящиеся к заглавию для голоса с фортепиано
f Первые сведения об ответственности обработки И. Ильина и Ю. Объедова
203 Вид содержания и тип средства __
a Вид содержания Музыка
b Характеристика содержания знаковая
c Тип средства непосредственная
210 Выходные данные 1_
a Место издания Москва
c Издательство Музыка
d Дата издания 1973
215 Физическое описание __
a Объем 24 с.
d Формат 29 см
225 Серия 1_
a Серия Народные песни
327 Примечание о содержании 11
a Примечание о содержании Содерж.: Король велит бить в барабан ; Старая табакерка ; Эльзасский танец ; Как- то плясать пошла я в круг ; Довелось мне слышать где-то ; Ученая коза / обраб. И. Ильина. Над ручьем ; Старинная баллада ; Что нам делать с Ламбером ; Пугливый / обраб. Ю. Объедова
464 Аналитический уровень _0
1 702 1
a Ильин
b И.
4 030
1 2001
a Король велит бить в барабан
464 Аналитический уровень _0
1 036
t Славный табачок в старой табакерке...
1 702 1
a Ильин
b И.
4 030
1 2001
a Старая табакерка
464 Аналитический уровень _0
1 702 1
a Ильин
b И.
4 030
1 2001
a Как-то плясать пошла я в круг
464 Аналитический уровень _0
1 702 1
a Ильин
b И.
4 030
1 2001
a Довелось мне слышать где-то...
464 Аналитический уровень _0
1 036
t Коза когда-то здесь ученая жила...
1 702 1
a Ильин
b И.
4 030
1 2001
a Ученая коза
464 Аналитический уровень _0
1 036
t Над ручьем, за глухой дорожкой...
1 702 1
a Объедов
b Ю.
4 030
1 2001
a Над ручьем
464 Аналитический уровень _0
1 036
t Три девушки пряли...
1 702 1
a Объедов
b Ю.
4 030
1 2001
a Старинная баллада
464 Аналитический уровень _0
1 036
t Ах, Ламбер!..
1 702 1
a Объедов
b Ю.
4 030
1 2001
a Что нам делать с Ламбером
464 Аналитический уровень _0
1 036
t Я пробираюсь через лес...
1 702 1
a Объедов
b Ю.
4 030
1 2001
a Пугливый
500 Унифицированное заглавие 10
a Унифицированное заглавие Народные песни
606 Тематические рубрики 0_
a Основная рубрика Французские народные песни
610 Ключевые слова 0_
a Ключевые слова французские народные песни
686 Индексы других классификаций __
a Классификационный индекс 85.92(4Фр)-4я43
a Классификационный индекс 85.943.4-42-092
2 Код системы rubbk
702 Вторичная интеллектуальная ответственность _1
a Фамилия Ильин
b Имя (инициалы) И. П.
4 Код отношения 030
702 Вторичная интеллектуальная ответственность _1
a Фамилия Объедов
b Имя (инициалы) Ю. Б.
4 Код отношения 030
801 Источник записи _0
a Страна RU
b Организация Ульяновская ОНБ
c Дата составления 20170122
g Правила каталогизации RCR
801 Источник записи _1
a Страна RU
b Организация Ульяновская ОНБ
c Дата составления 20170122
g Правила каталогизации RCR
901 Тип документа __
t Тип документа m
909 Создатель записи __
a Создатель записи Никитина Т. А.
910 Корректоры записи __
a Корректор записи Грязнова И. Е.
b Дата внесения изменения в запись 20260212